000 00909cam a22002413a 4500
001 25568
003 PGUSA
005 20140828083541.0
008 080523s2008||||xxu|||||s|||||000 | eng d
040 _aPGUSA
_beng
042 _adc
050 4 _aSF
100 1 _aShaler, Nathaniel Southgate,
_d1841-1906
245 1 0 _aDomesticated Animals :
_bTheir Relation to Man and to his Advancement in Civilization
_h[electronic resource] /
_cNathaniel Southgate Shaler
260 _bProject Gutenberg,
_c2008
505 0 _aThe dog -- The horse -- The flocks and herds; beasts for burden, food, and raiment -- Domesticated birds -- Useful insects -- The rights of animals -- The problem of domestication.
506 _aPublic domain in the USA.
516 _aElectronic text
653 _aDomestic animals
830 0 _aProject Gutenberg
_v25568
856 4 0 _uhttp://www.gutenberg.org/ebooks/25568
942 _cEB
999 _c254823
_d254823